| 000 | 00385nam a22001697a 4500 | ||
|---|---|---|---|
| 003 | OSt | ||
| 005 | 20260417135527.0 | ||
| 008 | 260417b |||||||| |||| 00| 0 eng d | ||
| 020 | _a9788182747043 | ||
| 040 | _cBGL | ||
| 100 | _aDalvi Vinay B | ||
| 245 | _aVictory India | ||
| 260 |
_aNew Delhi _bPentagon Publishers _c2013 |
||
| 300 | _a310p | ||
| 600 | _aGeneral | ||
| 942 |
_2ddc _cGB |
||
| 999 |
_c44377 _d44377 |
||